000
00303nam a22001337a 4500
008
170303b xxu||||| |||| 00| 0 eng d
020
_a
9780716749394
041
_a
eng
080
_2
8TH
_a
575
100
_a
6
101
_a
SHM
245
_a
INTRODUCTION TO GENETIC ANALYSIS
_c
GRIFFITHS
942
_2
udc
_c
BK
999
_c
6727
_d
6727